000 01544cam a22003374a 4500
001 16011495
005 20210414113937.0
008 091207s2009 enka b 000 0 eng c
010 _a 2009288714
020 _a9781848163591
020 _a1848163592
020 _a9781848163607 (pbk.)
020 _a1848163606 (pbk.)
035 _a(OCoLC)ocn277196255
040 _aBTCTA
_cBTCTA
_dYDXCP
_dBWK
_dBWX
_dCDX
_dTXA
_dDLC
042 _apcc
050 0 0 _aQA303.2.M37
082 0 0 _a515
_222
100 1 _aMason, John,
_d1944-
245 1 0 _aUsing counter-examples in calculus. /
_cJohn Mason, Sergiy Klymchuk.
260 _aLondon :
_bImperial College Press ;
_aSingapore ;
_aHackensack, NJ :
_bDistributed by World Scientific,
_cc2009.
300 _axv, 98 p. :
_bill. ;
_c28 cm.
504 _aIncludes bibliographical references (p. 97-98).
505 _aContents: Working with counter-examples -- The Pathological debate -- Bones to chew: collection of false statements: functions -- Limits -- Continuity -- Differential calculus -- Integral calculus -- Suggested solutions and new challenges: functions -- Limits -- continuity -- Differential calculus -- Integral calculus.
650 0 _aCalculus
_vProblems, exercises, etc.
650 0 _aCalculus
_xStudy and teaching (Higher)
700 1 _aKlymchuk, Sergiy.
906 _a7
_bcbc
_cpccadap
_d2
_encip
_f20
_gy-gencatlg
942 _2lcc
_cBK
999 _c873
_d8373